000
00296nam a2200109Ia 4500
008
230907s9999||||xx |||||||||||||| ||und||
082
_a
808.06636132
_b
FRI
245
0
_a
Professional writing skills for social workers /
260
_a
Open University Press,
_c
2015
300
_a
178 p.
942
_c
BK
999
_c
598968
_d
598968